[Event "1st Marlboro Classic"]
[Site "Manila PHI"]
[Date "1973.10.16"]
[Round "1"]
[White "De Castro, Edgar"]
[Black "Naranja, Renato"]
[WhiteElo "2285"]
[BlackElo "2420"]
[Result "1/2-1/2"]
[EventDate "1973.10.16"]
[PlyCount "40"]

1.d4 Nf6 2.c4 g6 3.Nc3 Bg7 4.e4 d6 5.Be2 O-O 6.Nf3 Nbd7 7.O-O e5 8.Re1 c6 
9.Rb1 Re8 10.dxe5 Nxe5 11.Nxe5 dxe5 12.Be3 Qxd1 13.Rexd1 Ng4 14.Bxg4 Bxg4 
15.f3 Be6 16.b3 b6 17.Rd3 Red8 18.Rbd1 Bf6 19.Rxd8+ Rxd8 20.Rxd8+ Bxd8 
1/2-1/2

[Event "1st Marlboro Classic"]
[Site "Manila PHI"]
[Date "1973.10.16"]
[Round "1"]
[White "Gheorghiu, Florin"]
[Black "Wotulo, Max Arie"]
[WhiteElo "2550"]
[BlackElo "2330"]
[Result "1-0"]
[EventDate "1973.10.16"]
[PlyCount "57"]

1.d4 Nf6 2.c4 e6 3.Nf3 d5 4.Nc3 Be7 5.Bf4 O-O 6.e3 Nbd7 7.c5 c6 8.Bd3 b6 
9.b4 bxc5 10.bxc5 Qa5 11.Qd2 Nh5 12.O-O Nxf4 13.exf4 Qc7 14.Rfe1 Bf6 15.
Rab1 g6 16.g3 Bg7 17.h4 Kh8 18.h5 Qa5 19.hxg6 hxg6 20.Kg2 Re8 21.Rh1+ Kg8 
22.Ne5 Nxe5 23.fxe5 Ba6 24.Bxa6 Qxa6 25.Rh6 Qc8 26.Rhh1 Qd8 27.Rb7 g5 28.
Qe2 f6 29.Qh5 1-0

[Event "1st Marlboro Classic"]
[Site "Manila PHI"]
[Date "1973.10.16"]
[Round "1"]
[White "Ljubojevic, Ljubomir"]
[Black "Ivkov, Borislav"]
[WhiteElo "2565"]
[BlackElo "2520"]
[Result "1/2-1/2"]
[EventDate "1973.10.16"]
[PlyCount "70"]

1.e4 e5 2.Nf3 Nc6 3.Bb5 a6 4.Ba4 Nf6 5.O-O Be7 6.Re1 b5 7.Bb3 d6 8.c3 O-O 
9.h3 Na5 10.Bc2 c5 11.d4 Qc7 12.a3 Bd7 13.b3 Rfe8 14.Nbd2 Bf8 15.d5 g6 16.
Nf1 Bg7 17.Ng3 c4 18.b4 Nb7 19.Be3 a5 20.Qd2 Ra6 21.Nh4 Rea8 22.Rac1 axb4 
23.axb4 Qd8 24.Bg5 Qf8 25.Bb1 Bc8 26.Ne2 Nd7 27.Kh2 Nd8 28.g3 f6 29.Be3 
Nf7 30.f4 Qd8 31.f5 g5 32.Nf3 h5 33.Neg1 Qe8 34.Rc2 Nf8 35.Qd1 Bd7 1/2-1/2

[Event "1st Marlboro Classic"]
[Site "Manila PHI"]
[Date "1973.10.16"]
[Round "1"]
[White "Quinteros, Miguel Angel"]
[Black "Larsen, Bent"]
[WhiteElo "2520"]
[BlackElo "2620"]
[Result "0-1"]
[EventDate "1973.10.16"]
[PlyCount "75"]

1.e4 e5 2.Nf3 Nc6 3.Bb5 Nge7 4.c3 a6 5.Ba4 d6 6.d4 Bd7 7.h4 h6 8.h5 exd4 
9.Nxd4 Nxd4 10.cxd4 d5 11.e5 Bxa4 12.Qxa4+ Nc6 13.Be3 Qd7 14.Nc3 Bb4 15.
Qc2 O-O 16.O-O-O Bxc3 17.Qxc3 f6 18.f4 a5 19.a3 a4 20.Kb1 Na5 21.Qd3 Nc4 
22.Bd2 fxe5 23.dxe5 Rad8 24.Bc1 b5 25.Rhe1 Rfe8 26.Qf3 c5 27.Rd3 d4 28.
Red1 Na5 29.g4 Nb3 30.Re1 c4 31.Rdd1 b4 32.axb4 d3 33.Bd2 a3 34.bxa3 Nd4 
35.Qf2 Qa4 36.Bc3 Ne2 37.Bb2 Qc2+ 38.Ka1 0-1

[Event "1st Marlboro Classic"]
[Site "Manila PHI"]
[Date "1973.10.16"]
[Round "1"]
[White "Torre, Eugenio"]
[Black "Lombardy, William James"]
[WhiteElo "2430"]
[BlackElo "2520"]
[Result "1/2-1/2"]
[EventDate "1973.10.16"]
[PlyCount "112"]

1.e4 g6 2.d4 Bg7 3.Nf3 d6 4.Be2 Nd7 5.O-O e5 6.c3 Ngf6 7.Nbd2 O-O 8.Re1 
Re8 9.Bf1 Nf8 10.a4 Nh5 11.a5 Nf4 12.a6 b6 13.Bb5 Bd7 14.Bxd7 Qxd7 15.Nf1 
N4e6 16.d5 Nd8 17.Ng3 f6 18.h3 Nf7 19.Nh2 Rac8 20.f4 exf4 21.Bxf4 Qb5 22.
Qe2 Qxe2 23.Rxe2 c5 24.Nf3 Nd7 25.Nf1 b5 26.N1d2 Nb6 27.Kf2 Rb8 28.Nb3 f5 
29.exf5 Rxe2+ 30.Kxe2 Nxd5 31.Bh2 gxf5 32.Rd1 Re8+ 33.Kf2 Nf6 34.Nh4 Ne4+ 
35.Kg1 b4 36.cxb4 cxb4 37.Nd4 Nc5 38.Nhxf5 Nxa6 39.Nxg7 Kxg7 40.Nf5+ Kg6 
41.Nxd6 Re6 42.Nxf7 Kxf7 43.Bd6 Rg6 44.Rd4 Ke6 45.Bxb4 Nxb4 46.Rxb4 Rg7 
47.Rb5 Kf6 48.Kf2 Rc7 49.Kf3 Kg6 50.Ke4 Rc2 51.Rb8 Kg7 52.g3 a5 53.Rb5 a4 
54.h4 Rg2 55.Kf4 Rf2+ 56.Kg5 Rf3 1/2-1/2

[Event "1st Marlboro Classic"]
[Site "Manila PHI"]
[Date "1973.10.18"]
[Round "2"]
[White "Cardoso, Rodolfo Tan"]
[Black "Ardiansyah, Haji"]
[WhiteElo "2375"]
[BlackElo "2350"]
[Result "1-0"]
[EventDate "1973.10.16"]
[PlyCount "81"]

1.e4 c5 2.Ne2 d6 3.d4 cxd4 4.Nxd4 Nf6 5.Nc3 a6 6.g3 e5 7.Nde2 Be7 8.Bg2 
O-O 9.O-O Qc7 10.h3 b5 11.Be3 Bb7 12.a4 b4 13.Nd5 Nxd5 14.exd5 Nd7 15.a5 
Nf6 16.Ra4 e4 17.Rxb4 Bxd5 18.Nc3 Bc6 19.Rb6 d5 20.g4 Rfd8 21.g5 Ne8 22.
Qg4 Bd6 23.Rd1 Be5 24.Bd4 Bxd4 25.Rxd4 Qe5 26.Qd1 Rd6 27.Nxe4 dxe4 28.Rxd6
Nxd6 29.Rxc6 Ne8 30.Qd2 Qxb2 31.Bxe4 Rb8 32.Qf4 Rd8 33.Rxa6 Qa1+ 34.Kh2 
Qd4 35.Ra8 Kf8 36.Rxd8 Qxd8 37.Qe5 Qd2 38.Kg2 f6 39.Qc5+ Kf7 40.g6+ hxg6 
41.Bd5+ 1-0

[Event "1st Marlboro Classic"]
[Site "Manila PHI"]
[Date "1973.10.18"]
[Round "2"]
[White "Lombardy, William James"]
[Black "Gligoric, Svetozar"]
[WhiteElo "2520"]
[BlackElo "2595"]
[Result "1/2-1/2"]
[EventDate "1973.10.16"]
[PlyCount "37"]

1.d4 Nf6 2.c4 g6 3.Nf3 Bg7 4.g3 c6 5.Bg2 d5 6.O-O O-O 7.Qb3 dxc4 8.Qxc4 
Be6 9.Qa4 Nbd7 10.Nc3 Bf5 11.Nh4 Nb6 12.Qd1 Bg4 13.h3 Be6 14.Nf3 Bd5 15.
Nxd5 cxd5 16.b3 Nc8 17.Qd3 Nd6 18.Ba3 Nfe4 19.Rfc1 1/2-1/2

[Event "1st Marlboro Classic"]
[Site "Manila PHI"]
[Date "1973.10.18"]
[Round "2"]
[White "Najdorf, Miguel"]
[Black "Torre, Eugenio"]
[WhiteElo "2525"]
[BlackElo "2430"]
[Result "1-0"]
[EventDate "1973.10.16"]
[PlyCount "80"]

1.d4 Nf6 2.c4 c5 3.d5 e6 4.Nc3 exd5 5.cxd5 d6 6.Nf3 g6 7.e4 Bg7 8.Be2 O-O 
9.O-O a6 10.a4 Bg4 11.h3 Bxf3 12.Bxf3 Nbd7 13.Bf4 Qc7 14.Qc2 Rfe8 15.a5 c4
16.Ra4 b5 17.axb6 Nxb6 18.Ra5 Nfd7 19.Be3 Ne5 20.Be2 Nd3 21.Rfa1 Rab8 22.
Qd2 Nb4 23.Rc1 Nd7 24.Ra3 Ne5 25.Na2 Qb7 26.Bxc4 Nxc4 27.Rxc4 Nxa2 28.Rxa2
Qb3 29.Raa4 Bxb2 30.Rcb4 Qc3 31.Qxc3 Bxc3 32.Rxb8 Rxb8 33.Rxa6 Rd8 34.Kf1 
Kg7 35.Ke2 Rd7 36.Kd3 Be5 37.g4 f5 38.exf5 gxf5 39.gxf5 Kf7 40.Bg5 Bf6 1-0

[Event "1st Marlboro Classic"]
[Site "Manila PHI"]
[Date "1973.10.18"]
[Round "2"]
[White "Naranja, Renato"]
[Black "Ivkov, Borislav"]
[WhiteElo "2420"]
[BlackElo "2520"]
[Result "1/2-1/2"]
[EventDate "1973.10.16"]
[PlyCount "72"]

1.c4 c5 2.Nf3 g6 3.g3 Bg7 4.Bg2 Nc6 5.Nc3 e5 6.d3 Nge7 7.O-O O-O 8.Bd2 d6 
9.a3 Rb8 10.Rb1 b6 11.b4 Bb7 12.e4 Qd7 13.b5 Nd8 14.a4 f5 15.Qc1 Ne6 16.
Qa3 h6 17.h4 Rf7 18.Nd5 Rbf8 19.a5 Qd8 20.axb6 axb6 21.Ra1 f4 22.gxf4 Nxd5
23.cxd5 Nxf4 24.Bxf4 Rxf4 25.Nh2 Rxh4 26.Ra2 h5 27.Qc1 Kh7 28.Nf3 Rhf4 29.
Ra7 Bc8 30.Nh2 Qh4 31.Qe3 R4f7 32.Rxf7 Rxf7 33.Nf3 Rxf3 34.Qxf3 Bg4 35.Qf7
Be2 36.Ra1 Qg5 1/2-1/2

[Event "1st Marlboro Classic"]
[Site "Manila PHI"]
[Date "1973.10.18"]
[Round "2"]
[White "Wotulo, Max Arie"]
[Black "Kavalek, Lubomir"]
[WhiteElo "2330"]
[BlackElo "2565"]
[Result "0-1"]
[EventDate "1973.10.16"]
[PlyCount "78"]

1.d4 Nf6 2.Nf3 g6 3.c4 Bg7 4.Nc3 O-O 5.e4 d6 6.Be2 e5 7.O-O Nc6 8.d5 Ne7 
9.Bd2 Ne8 10.b4 f5 11.Qb3 Nf6 12.exf5 Nxf5 13.Bg5 h6 14.Bxf6 Qxf6 15.Ne4 
Qe7 16.Rad1 g5 17.Ng3 a5 18.b5 g4 19.Nxf5 Bxf5 20.Ne1 b6 21.Nc2 h5 22.Ne3 
Bg6 23.Rde1 e4 24.Rd1 Be5 25.g3 Qg7 26.Qc2 Rf7 27.Qd2 Bc3 28.Qc1 Bd4 29.
Ng2 Raf8 30.Nf4 Rxf4 31.gxf4 Bc5 32.Kh1 Rf5 33.Rg1 Bxf2 34.Rg2 e3 35.Bd3 
Rxf4 36.Qc2 Rd4 37.Bxg6 Rxd1+ 38.Qxd1 Qxg6 39.h3 g3 0-1

[Event "1st Marlboro Classic"]
[Site "Manila PHI"]
[Date "1973.10.19"]
[Round "3"]
[White "De Castro, Edgar"]
[Black "Cardoso, Rodolfo Tan"]
[WhiteElo "2285"]
[BlackElo "2375"]
[Result "1/2-1/2"]
[EventDate "1973.10.16"]
[PlyCount "34"]

1.Nf3 g6 2.c4 Bg7 3.Nc3 c6 4.e4 d6 5.d4 Bg4 6.Be2 Bxf3 7.Bxf3 Qb6 8.d5 Qb4
9.Qb3 a5 10.O-O Nd7 11.Be3 Ngf6 12.Be2 cxd5 13.exd5 O-O 14.Qc2 a4 15.Nb5 
Rfc8 16.Qd1 Ne8 17.Rb1 Nc7 1/2-1/2

[Event "1st Marlboro Classic"]
[Site "Manila PHI"]
[Date "1973.10.19"]
[Round "3"]
[White "Gheorghiu, Florin"]
[Black "Ljubojevic, Ljubomir"]
[WhiteElo "2550"]
[BlackElo "2565"]
[Result "0-1"]
[EventDate "1973.10.16"]
[PlyCount "50"]

1.e4 Nf6 2.e5 Nd5 3.c4 Nb6 4.d4 d6 5.f4 dxe5 6.fxe5 c5 7.d5 e6 8.Nc3 exd5 
9.cxd5 c4 10.Nf3 Bg4 11.Qd4 Bxf3 12.gxf3 Bb4 13.Bxc4 O-O 14.Rg1 g6 15.Bg5 
Qc7 16.Bb3 Bc5 17.Qf4 Bxg1 18.Ke2 Qc5 19.Rxg1 Qxg1 20.Bf6 Qg2+ 21.Ke3 Qxb2
22.Kd3 N8d7 23.Ne4 Rac8 24.Qh6 Nxe5+ 25.Ke3 Rc3+ 0-1

[Event "1st Marlboro Classic"]
[Site "Manila PHI"]
[Date "1973.10.19"]
[Round "3"]
[White "Gligoric, Svetozar"]
[Black "Najdorf, Miguel"]
[WhiteElo "2595"]
[BlackElo "2525"]
[Result "1/2-1/2"]
[EventDate "1973.10.16"]
[PlyCount "80"]

1.d4 Nf6 2.c4 c5 3.d5 e6 4.Nc3 exd5 5.cxd5 d6 6.e4 g6 7.Nf3 Bg7 8.Be2 O-O 
9.O-O a6 10.a4 Bg4 11.Bg5 Bxf3 12.Bxf3 Nbd7 13.Qd2 Re8 14.Rae1 c4 15.Qf4 
Qe7 16.Qh4 Qf8 17.Bd1 h6 18.Bd2 Nc5 19.Bc2 b5 20.axb5 axb5 21.Nxb5 g5 22.
Qh3 Nfxe4 23.Bb4 Rab8 24.Bxc5 Nxc5 25.Rxe8 Rxe8 26.Na3 Bxb2 27.Nxc4 Bg7 
28.Qf5 Qe7 29.g3 Nd7 30.Rb1 Nf6 31.Bd3 Qc7 32.Rb5 Rb8 33.Ra5 Rd8 34.Kg2 
Qd7 35.Qxd7 Rxd7 36.Ra8+ Bf8 37.Bf5 Re7 38.Nxd6 Nxd5 39.Bg4 Nf6 40.Nf5 Re8
1/2-1/2

[Event "1st Marlboro Classic"]
[Site "Manila PHI"]
[Date "1973.10.19"]
[Round "3"]
[White "Ivkov, Borislav"]
[Black "Quinteros, Miguel Angel"]
[WhiteElo "2520"]
[BlackElo "2520"]
[Result "1/2-1/2"]
[EventDate "1973.10.16"]
[PlyCount "45"]

1.e4 c5 2.Nf3 d6 3.d4 cxd4 4.Nxd4 Nf6 5.Nc3 a6 6.Be2 Nbd7 7.Be3 Nc5 8.f3 
e6 9.a4 b6 10.O-O Qc7 11.Qd2 Be7 12.Rfd1 O-O 13.b4 Nb7 14.b5 a5 15.Nc6 Re8
16.Bf4 e5 17.Bg5 Be6 18.f4 exf4 19.Bxf4 Nd7 20.Nxe7+ Rxe7 21.Bxd6 Nxd6 22.
Qxd6 Ne5 23.Qxc7 1/2-1/2

[Event "1st Marlboro Classic"]
[Site "Manila PHI"]
[Date "1973.10.19"]
[Round "3"]
[White "Kavalek, Lubomir"]
[Black "Larsen, Bent"]
[WhiteElo "2565"]
[BlackElo "2620"]
[Result "1/2-1/2"]
[EventDate "1973.10.16"]
[PlyCount "62"]

1.e4 Nf6 2.e5 Nd5 3.d4 d6 4.Nf3 g6 5.Bc4 Nb6 6.Bb3 a5 7.a4 d5 8.O-O Bg7 9.
Ne1 Nc6 10.c3 O-O 11.f4 f6 12.Nd2 Kh8 13.Bc2 Qe8 14.Ndf3 fxe5 15.fxe5 Bf5 
16.Nd3 Nd8 17.Nh4 Be4 18.Rxf8+ Bxf8 19.b3 Bg7 20.Be3 Ne6 21.Nf2 Bxc2 22.
Qxc2 Nd7 23.Rf1 c5 24.Qd2 cxd4 25.cxd4 Nb8 26.Nd3 Nc6 27.Nf4 Nxf4 28.Bxf4 
Qg8 29.Rf3 Qe6 30.Bh6 Bxh6 31.Qxh6 Nxd4 1/2-1/2

[Event "1st Marlboro Classic"]
[Site "Manila PHI"]
[Date "1973.10.19"]
[Round "3"]
[White "Torre, Eugenio"]
[Black "Wotulo, Max Arie"]
[WhiteElo "2430"]
[BlackElo "2330"]
[Result "1-0"]
[EventDate "1973.10.16"]
[PlyCount "83"]

1.e4 g6 2.d4 Bg7 3.Nc3 d6 4.Be3 c6 5.Qd2 Qc7 6.O-O-O a6 7.h4 h5 8.Nh3 Bxh3
9.Rxh3 Nd7 10.f3 Ngf6 11.Bf4 b5 12.Kb1 b4 13.Ne2 a5 14.Nc1 Qb7 15.Bd3 e5 
16.dxe5 dxe5 17.Be3 O-O 18.Bc4 Nb6 19.Qe2 a4 20.Rhh1 Rfb8 21.Rd6 Qc7 22.
Rd2 Rd8 23.Rhd1 Rxd2 24.Rxd2 Rd8 25.Rxd8+ Qxd8 26.Qd3 Qxd3 27.Bxd3 Nfd7 
28.Ba6 Bf8 29.Nd3 f6 30.b3 Kg7 31.Bb7 c5 32.Bc6 axb3 33.axb3 Bd6 34.Kc1 
Kf7 35.Nb2 Ke7 36.Kd2 Nf8 37.Na4 Nfd7 38.Bxd7 Nxd7 39.Kd3 f5 40.Kc4 f4 41.
Bxc5 Nxc5 42.Nxc5 1-0

[Event "1st Marlboro Classic"]
[Site "Manila PHI"]
[Date "1973.10.21"]
[Round "4"]
[White "Cardoso, Rodolfo Tan"]
[Black "Naranja, Renato"]
[WhiteElo "2375"]
[BlackElo "2420"]
[Result "1-0"]
[EventDate "1973.10.16"]
[PlyCount "81"]

1.c4 e5 2.g3 Nf6 3.Bg2 c6 4.b3 d5 5.Bb2 d4 6.Nf3 Nbd7 7.O-O Bd6 8.e3 dxe3 
9.dxe3 Qe7 10.Qc2 O-O 11.Nh4 g6 12.a3 Nh5 13.b4 a5 14.c5 Bc7 15.Nd2 axb4 
16.axb4 Rxa1 17.Rxa1 Ndf6 18.e4 Be6 19.Nhf3 Nd7 20.Nc4 f6 21.Ra7 Rb8 22.
Nfd2 Ng7 23.Nb3 Qf8 24.Nba5 Qc8 25.Bf1 Ne8 26.Bc1 Bd8 27.Be3 Be7 28.Qd2 
Kf7 29.Nd6+ Bxd6 30.cxd6 b5 31.Qc1 Nxd6 32.Nxc6 Rb7 33.Rxb7 Nxb7 34.Bxb5 
Nd6 35.Bd3 f5 36.exf5 gxf5 37.Bg5 Bd5 38.b5 Qe8 39.Be2 Nf8 40.Qc5 Bxc6 41.
Qxd6 1-0

[Event "1st Marlboro Classic"]
[Site "Manila PHI"]
[Date "1973.10.21"]
[Round "4"]
[White "Larsen, Bent"]
[Black "Torre, Eugenio"]
[WhiteElo "2620"]
[BlackElo "2430"]
[Result "1-0"]
[EventDate "1973.10.16"]
[PlyCount "75"]

1.c4 g6 2.Nc3 Bg7 3.d4 Nf6 4.e4 d6 5.Nf3 O-O 6.h3 e5 7.d5 Na6 8.Bg5 Bd7 9.
Be2 Qe8 10.Nd2 h5 11.Be3 Nh7 12.Nb3 Qe7 13.Qd2 f5 14.exf5 gxf5 15.f4 exf4 
16.Bxf4 Rae8 17.O-O Qf7 18.Bh6 Qg6 19.Bxg7 Kxg7 20.Rf4 Ng5 21.Kh2 Ne4 22.
Nxe4 Rxe4 23.Raf1 Rfe8 24.Bd3 Rxf4 25.Rxf4 Nc5 26.Nxc5 dxc5 27.Qf2 b6 28.
Bxf5 Bxf5 29.Rxf5 Re4 30.Rf4 Re7 31.b3 Kh7 32.Rf6 Qe4 33.Rf7+ Kg8 34.Rf5 
h4 35.Rf8+ Kh7 36.Rf4 Qe5 37.Qxh4+ Kg8 38.Qg3+ 1-0

[Event "1st Marlboro Classic"]
[Site "Manila PHI"]
[Date "1973.10.21"]
[Round "4"]
[White "Najdorf, Miguel"]
[Black "Ardiansyah, Haji"]
[WhiteElo "2525"]
[BlackElo "2350"]
[Result "1-0"]
[EventDate "1973.10.16"]
[PlyCount "51"]

1.d4 Nf6 2.c4 g6 3.g3 Bg7 4.Bg2 d6 5.Nc3 O-O 6.Nf3 Nc6 7.O-O Rb8 8.h3 e5 
9.d5 Ne7 10.e4 Ne8 11.Be3 a6 12.Qd2 f5 13.Ng5 fxe4 14.Ngxe4 Nf5 15.Bg5 Qd7
16.g4 Nd4 17.f4 exf4 18.Bxf4 b5 19.Be3 Rxf1+ 20.Rxf1 c5 21.dxc6 Nxc6 22.
Ng5 Ne5 23.Bd5+ Kh8 24.Nf7+ Nxf7 25.Rxf7 Qd8 26.Bd4 1-0

[Event "1st Marlboro Classic"]
[Site "Manila PHI"]
[Date "1973.10.21"]
[Round "4"]
[White "Wotulo, Max Arie"]
[Black "Gligoric, Svetozar"]
[WhiteElo "2330"]
[BlackElo "2595"]
[Result "1/2-1/2"]
[EventDate "1973.10.16"]
[PlyCount "87"]

1.e4 c5 2.Nf3 Nc6 3.d4 cxd4 4.Nxd4 e6 5.Be3 Nf6 6.Nd2 e5 7.Nxc6 bxc6 8.Bg5
h6 9.Bh4 Be7 10.Bg3 d6 11.Bc4 O-O 12.Bb3 Nd7 13.O-O Nc5 14.f4 Nxb3 15.axb3
f6 16.Qe2 Be6 17.f5 Bf7 18.Ra6 Qd7 19.Bf2 d5 20.Rfa1 c5 21.b4 d4 22.b5 Bd8
23.c4 dxc3 24.bxc3 Bb6 25.c4 Rfd8 26.Be3 Qb7 27.R6a3 Rd7 28.Qg4 h5 29.Qe2 
Rad8 30.R1a2 Rd6 31.h4 R8d7 32.Kh2 Kf8 33.Rc3 Ke8 34.Rca3 Rxd2 35.Rxd2 
Qxe4 36.Rxd7 Qxh4+ 37.Kg1 Kxd7 38.Qd2+ Ke7 39.Rd3 Qe4 40.Rd7+ Ke8 41.Qd6 
Qxe3+ 42.Kh2 Qf4+ 43.g3 Qf2+ 44.Kh1 1/2-1/2

[Event "1st Marlboro Classic"]
[Site "Manila PHI"]
[Date "1973.10.23"]
[Round "5"]
[White "Ardiansyah, Haji"]
[Black "Wotulo, Max Arie"]
[WhiteElo "2350"]
[BlackElo "2330"]
[Result "1/2-1/2"]
[EventDate "1973.10.16"]
[PlyCount "31"]

1.d4 Nf6 2.Nf3 e6 3.Bg5 h6 4.Bh4 Be7 5.Nbd2 b6 6.e3 Bb7 7.h3 Ne4 8.Bxe7 
Qxe7 9.Nxe4 Bxe4 10.a3 O-O 11.Bd3 Bxd3 12.Qxd3 d6 13.O-O Nd7 14.Rad1 e5 
15.dxe5 Nxe5 16.Nxe5 1/2-1/2

[Event "1st Marlboro Classic"]
[Site "Manila PHI"]
[Date "1973.10.23"]
[Round "5"]
[White "De Castro, Edgar"]
[Black "Najdorf, Miguel"]
[WhiteElo "2285"]
[BlackElo "2525"]
[Result "1/2-1/2"]
[EventDate "1973.10.16"]
[PlyCount "135"]

1.Nf3 Nf6 2.c4 g6 3.Nc3 Bg7 4.e4 d6 5.d4 O-O 6.Be2 e5 7.dxe5 dxe5 8.Qxd8 
Rxd8 9.Bg5 Re8 10.O-O-O h6 11.Bh4 Nc6 12.Nd5 Nxd5 13.cxd5 Nd4 14.Nxd4 exd4
15.f3 c6 16.dxc6 bxc6 17.Bg3 Be6 18.Kb1 f5 19.Rc1 fxe4 20.fxe4 Bd7 21.Bd3 
Kh7 22.Rhf1 Rf8 23.Bd6 Rxf1 24.Rxf1 Be6 25.Rc1 Bd7 26.Rc4 a5 27.e5 Re8 28.
Rxd4 Bf5 29.Bxf5 gxf5 30.Rd3 Kg6 31.Ra3 a4 32.Rxa4 Bxe5 33.Bxe5 Rxe5 34.
Rc4 Re6 35.a4 Kf6 36.Rc5 f4 37.a5 Ke7 38.a6 Kd6 39.a7 Re8 40.Rh5 Kc7 41.
Rxh6 Kb7 42.Rh7+ Ka8 43.Rg7 Re1+ 44.Ka2 Rf1 45.Rg4 Kxa7 46.h4 Kb6 47.h5 
Rh1 48.Rg5 Rh2 49.Kb3 Kc7 50.Kc3 Kd7 51.b4 Ke7 52.Kd4 Kf6 53.Rg6+ Kf5 54.
Rxc6 Rxg2 55.Rc5+ Kg4 56.h6 f3 57.h7 Rd2+ 58.Ke5 Rd8 59.Rc7 f2 60.Rf7 Kg3 
61.Rg7+ Kf3 62.b5 f1=Q 63.Rf7+ Ke2 64.Rxf1 Kxf1 65.b6 Ke2 66.Ke6 Kd3 67.b7
Kd4 68.Ke7 1/2-1/2

[Event "1st Marlboro Classic"]
[Site "Manila PHI"]
[Date "1973.10.23"]
[Round "5"]
[White "Ivkov, Borislav"]
[Black "Gheorghiu, Florin"]
[WhiteElo "2520"]
[BlackElo "2550"]
[Result "0-1"]
[EventDate "1973.10.16"]
[PlyCount "63"]

1.d4 Nf6 2.c4 g6 3.Nf3 Bg7 4.g3 O-O 5.Bg2 d5 6.O-O dxc4 7.Na3 Nc6 8.Nxc4 
Be6 9.b3 Bd5 10.Bb2 a5 11.Rc1 a4 12.bxa4 Ra6 13.Nfe5 Bxg2 14.Kxg2 Qa8 15.
Nxc6 bxc6 16.a5 c5+ 17.Kg1 Rd8 18.e3 cxd4 19.exd4 Ne4 20.Qf3 Bxd4 21.Bxd4 
Rxd4 22.h4 Rf6 23.Qa3 c5 24.Rc2 g5 25.h5 g4 26.Ne5 Qc8 27.Qe3 Rfd6 28.Qf4 
f5 29.Nc4 Rf6 30.Ne3 Nd2 31.Qg5+ Kh8 32.Rxd2 0-1

[Event "1st Marlboro Classic"]
[Site "Manila PHI"]
[Date "1973.10.23"]
[Round "5"]
[White "Naranja, Renato"]
[Black "Lombardy, William James"]
[WhiteElo "2420"]
[BlackElo "2520"]
[Result "1/2-1/2"]
[EventDate "1973.10.16"]
[PlyCount "53"]

1.c4 g6 2.Nc3 Bg7 3.g3 f5 4.d4 Nf6 5.Bg2 d6 6.d5 c6 7.Nh3 O-O 8.O-O Kh8 9.
Bd2 e5 10.dxe6 Bxe6 11.b3 Nbd7 12.Rc1 Bg8 13.Bf4 Ne5 14.Qd2 Re8 15.Rfd1 
Qa5 16.Bh6 Rad8 17.Bxg7+ Kxg7 18.Nf4 a6 19.h4 Qc7 20.Qb2 Qe7 21.Rd2 Bf7 
22.Rcd1 Kg8 23.Qc2 Neg4 24.Bf3 Ne5 25.Bg2 Neg4 26.Bf3 Ne5 27.Bg2 1/2-1/2

[Event "1st Marlboro Classic"]
[Site "Manila PHI"]
[Date "1973.10.23"]
[Round "5"]
[White "Torre, Eugenio"]
[Black "Ljubojevic, Ljubomir"]
[WhiteElo "2430"]
[BlackElo "2565"]
[Result "0-1"]
[EventDate "1973.10.16"]
[PlyCount "134"]

1.e4 c5 2.Nf3 a6 3.c3 b5 4.d4 Bb7 5.Bd3 e6 6.O-O Nf6 7.Nbd2 Nc6 8.e5 Nd5 
9.dxc5 Qc7 10.Re1 Bxc5 11.Ne4 Be7 12.Bg5 Bxg5 13.Nd6+ Kf8 14.Nxg5 Nxe5 15.
Rxe5 Qxd6 16.Qh5 g6 17.Qf3 f6 18.Rae1 Re8 19.Nh3 Kg7 20.R5e2 Bc6 21.Qg3 
Qxg3 22.hxg3 Nb6 23.f3 Rb8 24.Nf2 Bd5 25.a3 Bc4 26.Rd2 Bxd3 27.Nxd3 Rhc8 
28.Nc1 a5 29.Nd3 h5 30.Kf2 Kf7 31.Nf4 Rc7 32.Red1 d5 33.Re2 Rc6 34.Rd3 Nc4
35.Rd1 b4 36.axb4 axb4 37.Ra1 Rb7 38.cxb4 Ne5 39.Rd2 Kg7 40.Ra8 Rxb4 41.
Ra7+ Kh6 42.Re7 Rbb6 43.b4 Rd6 44.Ra2 Kg5 45.b5 Kf5 46.Ne2 d4 47.g4+ Nxg4+
48.fxg4+ Kxg4 49.Rb2 e5 50.Ra7 h4 51.Ra4 Kf5 52.Rab4 Rd5 53.Nc1 Kg5 54.Ne2
f5 55.Rb1 Kf6 56.R4b2 g5 57.Nc1 g4 58.Nd3 Kg5 59.Rb3 e4 60.Nb2 d3 61.Ke3 
Re6 62.b6 f4+ 63.Kd2 e3+ 64.Ke1 d2+ 65.Ke2 f3+ 66.gxf3 gxf3+ 67.Kxf3 e2 
0-1

[Event "1st Marlboro Classic"]
[Site "Manila PHI"]
[Date "1973.10.24"]
[Round "6"]
[White "Cardoso, Rodolfo Tan"]
[Black "Ivkov, Borislav"]
[WhiteElo "2375"]
[BlackElo "2520"]
[Result "0-1"]
[EventDate "1973.10.16"]
[PlyCount "82"]

1.c4 g6 2.g3 Bg7 3.Bg2 Nf6 4.Nc3 O-O 5.e3 e5 6.b3 Re8 7.Ba3 d6 8.Nge2 Nbd7
9.O-O Nf8 10.d4 e4 11.Qc2 Bf5 12.Rad1 h5 13.d5 N8h7 14.c5 Ng5 15.cxd6 cxd6
16.Nb5 Nf3+ 17.Kh1 Rc8 18.Qb1 Qa5 19.Nxd6 Qxa3 20.Nxf5 gxf5 21.Bxf3 exf3 
22.Nd4 Ne4 23.Nxf3 Qb2 24.Qxb2 Bxb2 25.Nh4 Rc2 26.Kg2 Nd6 27.Nf3 Bf6 28.a4
Rxe3 29.Ne1 Ra2 30.Nd3 Kg7 31.h4 Ne4 32.Kg1 Rxg3+ 33.fxg3 Bd4+ 34.Nf2 
Bxf2+ 35.Rxf2 Nxf2 36.Rd4 Kf8 37.d6 Ke8 38.Rd5 Ng4 39.Rxf5 Ra1+ 40.Rf1 
Rxf1+ 41.Kxf1 Kd7 0-1

[Event "1st Marlboro Classic"]
[Site "Manila PHI"]
[Date "1973.10.24"]
[Round "6"]
[White "Gheorghiu, Florin"]
[Black "Kavalek, Lubomir"]
[WhiteElo "2550"]
[BlackElo "2565"]
[Result "1/2-1/2"]
[EventDate "1973.10.16"]
[PlyCount "38"]

1.Nf3 Nf6 2.g3 g6 3.b3 Bg7 4.Bb2 O-O 5.Bg2 d5 6.c4 dxc4 7.bxc4 c5 8.O-O 
Nc6 9.d3 Ne8 10.Bxg7 Nxg7 11.Nc3 Rb8 12.Qd2 b6 13.Rfd1 Bb7 14.e3 Nf5 15.
Rac1 Nd6 16.Ng5 h6 17.Nge4 Nxe4 18.Nxe4 f5 19.Nc3 Ne5 1/2-1/2

[Event "1st Marlboro Classic"]
[Site "Manila PHI"]
[Date "1973.10.24"]
[Round "6"]
[White "Larsen, Bent"]
[Black "Ardiansyah, Haji"]
[WhiteElo "2620"]
[BlackElo "2350"]
[Result "1-0"]
[EventDate "1973.10.16"]
[PlyCount "95"]

1.c4 Nf6 2.Nc3 g6 3.e4 d6 4.d4 Bg7 5.Nf3 O-O 6.Be3 Ng4 7.Bg5 h6 8.Bh4 c5 
9.d5 a6 10.a4 Nd7 11.Be2 Ngf6 12.Nd2 Qb6 13.Qc2 Ne5 14.a5 Qc7 15.f4 Neg4 
16.Nd1 Ne8 17.Ra3 Ngf6 18.O-O Nh7 19.Kh1 Rb8 20.Ne3 Bd4 21.Nf3 Nef6 22.e5 
Ne8 23.Qd2 Bxe3 24.Rxe3 Ng7 25.Rb3 Bf5 26.Rb6 Rfe8 27.b4 Nf8 28.bxc5 dxc5 
29.Rb3 Qd7 30.Bf2 Rec8 31.Nh4 Qa4 32.Qc3 Be4 33.Ra1 Qe8 34.Qe3 f5 35.Bf3 
Bxf3 36.Qxf3 Kh7 37.e6 Kg8 38.Be1 Nh7 39.Bc3 Nf6 40.Bxf6 exf6 41.g4 fxg4 
42.Qxg4 Kh7 43.Rg1 g5 44.fxg5 hxg5 45.Nf5 Nxf5 46.Qxf5+ Qg6 47.Qxg6+ Kxg6 
48.Re1 1-0

[Event "1st Marlboro Classic"]
[Site "Manila PHI"]
[Date "1973.10.24"]
[Round "6"]
[White "Najdorf, Miguel"]
[Black "Naranja, Renato"]
[WhiteElo "2525"]
[BlackElo "2420"]
[Result "1/2-1/2"]
[EventDate "1973.10.16"]
[PlyCount "66"]

1.d4 Nf6 2.c4 g6 3.g3 Bg7 4.Bg2 O-O 5.Nc3 d6 6.Nf3 Nc6 7.O-O Nd7 8.Bg5 h6 
9.Be3 e5 10.dxe5 Ndxe5 11.Nxe5 Nxe5 12.Qc1 Kh7 13.b3 c6 14.Qd2 f5 15.Rad1 
Nf7 16.Bd4 Be5 17.f4 Bxd4+ 18.Qxd4 Qb6 19.e4 Qxd4+ 20.Rxd4 Be6 21.Re1 Rae8
22.Rd3 Kg7 23.Rde3 Bd7 24.Bh3 Kf6 25.Kf2 Be6 26.exf5 gxf5 27.g4 fxg4 28.
Bxg4 Nd8 29.f5 Bf7 30.Ne4+ Ke5 31.Rh3 d5 32.Nc3+ Kf4 33.Rg1 dxc4 1/2-1/2

[Event "1st Marlboro Classic"]
[Site "Manila PHI"]
[Date "1973.10.24"]
[Round "6"]
[White "Wotulo, Max Arie"]
[Black "De Castro, Edgar"]
[WhiteElo "2330"]
[BlackElo "2285"]
[Result "1/2-1/2"]
[EventDate "1973.10.16"]
[PlyCount "155"]

1.e4 c5 2.Nf3 e6 3.d4 cxd4 4.Nxd4 Nc6 5.Be3 Nf6 6.Nd2 e5 7.Nxc6 dxc6 8.f3 
Be6 9.Bc4 Bxc4 10.Nxc4 Qc7 11.Qe2 Be7 12.O-O O-O 13.Qf2 b5 14.Nd2 Kh8 15.
Nb3 Rg8 16.Kh1 Nh5 17.Rfd1 Nf4 18.Rd2 Ne6 19.Rad1 Rgd8 20.h3 h6 21.Rxd8+ 
Rxd8 22.Rxd8+ Qxd8 23.Qd2 Qxd2 24.Nxd2 Bc5 25.Bxc5 Nxc5 26.Kg1 Kg8 27.Kf2 
Kf8 28.Ke3 Ke7 29.g4 Ne6 30.h4 g6 31.Nf1 Kd6 32.Ng3 Nf4 33.h5 Ne6 34.Ne2 
gxh5 35.gxh5 Ng7 36.Ng3 Ke6 37.f4 f5 38.b4 Kf6 39.fxe5+ Kxe5 40.exf5 Nxf5+
41.Nxf5 Kxf5 42.Kd4 Kg5 43.Kc5 Kxh5 44.Kxc6 a6 45.Kb6 Kg4 46.Kxa6 h5 47.c4
bxc4 48.b5 c3 49.b6 c2 50.b7 c1=Q 51.b8=Q Qc4+ 52.Kb6 h4 53.Qe8 Qd4+ 54.
Kb5 h3 55.Qg6+ Kf3 56.Qf5+ Kg3 57.Qg5+ Qg4 58.Qe3+ Kh4 59.Qe1+ Kh5 60.Qe8+
Kg5 61.Qe7+ Kf4 62.Qd6+ Kf3 63.a4 Qg5+ 64.Ka6 Kg4 65.a5 Kh5 66.Qh2 Qg6+ 
67.Ka7 Qg7+ 68.Kb8 Qf8+ 69.Kc7 Qc5+ 70.Kb7 Qb5+ 71.Kc8 Qc4+ 72.Kb7 Qd5+ 
73.Kb8 Qc6 74.Ka7 Qg2 75.Qe5+ Kg4 76.Qd4+ Kg3 77.Qd3+ Kf2 78.Qd2+ 1/2-1/2